Comunicación y cultura

Αποθηκεύτηκε σε:
Λεπτομέρειες βιβλιογραφικής εγγραφής
Κύριος συγγραφέας: Smith, Alfred G (Συγγραφέας)
Μορφή: Βιβλίο
Γλώσσα:Ισπανικά
Έκδοση: Buenos Aires Nueva Visión 1972
Σειρά:Colección Teoría e Investigación en las Ciencias del Hombre
Θέματα:
Ετικέτες: Προσθήκη ετικέτας
Δεν υπάρχουν, Καταχωρήστε ετικέτα πρώτοι!

MARC

LEADER 00000nam a2200000 a 4500
001 UCY5710
003 CL-VaPUC
008 950512e19720000AG |||||||||||||||||spa|d
082 0 4 |a 302.2  |b SMI  |2 21 
100 0 |a Smith, Alfred G  |e author  |9 334833 
245 1 0 |a Comunicación y cultura 
300 |a v 
942 |c BK 
945 |d 19950512 00:00:00  |a cmena 
260 |a Buenos Aires  |b Nueva Visión  |c 1972 
500 |a v.1: La teoría de la comunicación humana 
650 0 |a Comunicación   |9 257251 
650 7 |a INVESTIGACION EN LA COMUNICACION  |2 CL-VaPUC  |9 334834 
650 7 |a PSICOLOGIA DE LA COMUNICACION  |2 CL-VaPUC  |9 332059 
650 0 |a Comunicación interpersonal   |9 307498 
650 7 |a TEORIA LINGUISTICA  |2 CL-VaPUC  |9 334835 
650 0 |a Cibernética  |9 270269 
650 7 |a TEORIA DE LA COMUNICACION Y LA INFORMACION  |2 CL-VaPUC  |9 334836 
650 7 |a ETICA DE LA COMUNICACION  |2 CL-VaPUC  |9 334574 
583 |a last modification  |c 19950512 00:00:00  |k Rodrigo Vera 
490 0 |a Colección Teoría e Investigación en las Ciencias del Hombre 
999 |c 233337  |d 233335 
952 |0 0  |1 0  |4 0  |6 302_200000000000000_SMI_1972  |7 0  |8 P  |9 238781  |a BIBEDU  |b BIBEDU  |c BIBEDU_PB  |d 2019-11-18  |h v.1  |i 1500503  |o 302.2 SMI 1972  |p 1500503  |r 2019-11-18  |w 2019-11-18  |y BK  |k EDU 
952 |0 0  |1 0  |4 0  |6 302_200000000000000_SMI_1972  |7 0  |8 A  |9 238782  |a FDOPOS  |b FDOPOS  |d 2019-11-18  |i 4410564  |o 302.2 SMI 1972  |p 4410564  |r 2025-01-22  |w 2019-11-18  |y BK  |k MLA